000 01129nam a2200289 i 4500
999 _c68162
_d68162
003 Mx-PuUPA
005 20220509094844.0
008 190606s2003 cauad|||r|||| 00| 0 eng d
020 _a1558609237
040 _aMx-PuUPA
_bspa
_cMx-PuUPA
_dMx-PuUPA
_erda
041 0 _aeng
100 1 _aKuniavsky, Mike,
_eautor
_99334
245 1 0 _aObserving the user experience :
_ba practitioner's guide to user research /
_cMike Kuniavsky
264 1 _aSan Francisco, CA :
_bMorgan Kaufmann Publishers,
_c2003
300 _axvi, 560 páginas :
_bilustraciones, gráficas ;
_c24 cm.
336 _2rdacontent
_atexto
_btxt
337 _2rdamedia
_asin medio
_bn
338 _2rdacarrier
_avolumen
_bnc
490 0 _aThe Morgan Kaufman series in interactive technologies
650 4 _aInterfaces con el usuario (sistemas informáticos)
650 4 _aInterfaces con el usuario (computadoras)
650 4 _aInteracción hombre-computadora
942 _2ddc
_cLI
_h004.21
_iK96